The Blueprint 3 Tracklist (JAY-Z) - Statistics

General Stats
  • This quiz has been taken 2 times
  • The average score is 10 of 14
Answer Stats
Hint Answer % Correct
10 Already Home
100%
4 Empire State Of Mind
100%
11 Hate
100%
7 Off That
100%
8 The Star Is Born
100%
1 What We Talkin' About
100%
14 Young Forever
100%
6 On To The Next One
50%
5 Real As It Gets
50%
12 Reminder
50%
3 Run This Town
50%
13 So Ambitious
50%
2 D.O.A. (Death Of Auto-tune)
0%
9 Venus Vs. Mars
0%
No matching quizzes found
Score Distribution
Percent of People with Each Score
Percentile by Number Answered
Your Score History
You have not taken this quiz